Curso de lingüística general /

Curso de lingüística general, impartido por el suizo Ferdinand de Saussure (1857-1913) durante los años 1907-1911 en la Universidad de Ginebra, que supone el nacimiento de la lingüística contemporánea. Charles Bally y Albert Sechehaye, discípulos del suizo, tomaron las notas y apuntes de alumnos com...

Бүрэн тодорхойлолт

-д хадгалсан:
Номзүйн дэлгэрэнгүй
Үндсэн зохиолч: Saussure, Ferdinand de (autor)
Бусад зохиолчид: Bally, Charles (edición) (edición), Sechehaye, Albert (edición) (edición), Riedlinger, Albert (colaboración) (colaboración), Mauro, Tullio de (edición) (edición), Alonso, Amado (traducción) (traducción)
Формат: Ном
Хэл сонгох:испани
Хэвлэсэн: Madrid, España : Alianza, 1983, c1983
Цуврал:(Alianza Universidad Textos ; 65)
Нөхцлүүд:
Шошгууд: Шошго нэмэх
Шошго байхгүй, Энэхүү баримтыг шошголох эхний хүн болох!

MARC

LEADER 00000nam^a2200000^a^4500
001 000146443
005 20250521000000.0
009 20260310095911.651
020 |a 84-206-8065-6 
037 |a Acervo ITESO - Biblioteca 
041 |a ESP 
082 |a 400.  |b SAU 
100 |a Saussure, Ferdinand de  |e (autor) 
240 1 1 |a [Curso de lingüística general] 
245 1 0 |a Curso de lingüística general /  |c F. de Saussure ; pref. y publicación por C. Bally, A. Sechehaye ; ed. e introd. de T. de Mauro ; pról., notas y tr. por A. Alonso. 
264 4 |a Madrid, España :  |b Alianza,  |c 1983, c1983 
300 |a 518 p. 
336 |a texto  |b txt  |2 rdacontenido 
337 |a sin mediación  |b n  |2 rdamedio 
338 |a volumen  |b nc  |2 rdasoporte 
440 1 |a (Alianza Universidad Textos ;  |v 65) 
500 |a Traducción de: Cours de linguistique générale 
520 |a Curso de lingüística general, impartido por el suizo Ferdinand de Saussure (1857-1913) durante los años 1907-1911 en la Universidad de Ginebra, que supone el nacimiento de la lingüística contemporánea. Charles Bally y Albert Sechehaye, discípulos del suizo, tomaron las notas y apuntes de alumnos como punto de partida y publicaron en 1916, con la colaboración de Albert Riedlinger, el curso. De Saussure define en esta obra conceptos clave por vez primera en la historia, a los que les adjudica una acepción determinada, avalada posteriormente por la lingüística: sincronía, diacronía, lengua, lenguaje, habla, signo, significado, significante, etcétera. Se trata de una obra con una influencia central en el desarrollo de las ciencias humanas, cuya importancia para la cultura del siglo XX ha sido comparada con la que tienen el pensamiento de Sigmund Freud y el de Karl Marx. 
649 |a XX 
650 |a Lingüística 
700 |a Bally, Charles  |e (edición) 
700 |a Sechehaye, Albert  |e (edición) 
700 |a Riedlinger, Albert  |e (colaboración) 
700 |a Mauro, Tullio de  |e (edición) 
700 |a Alonso, Amado  |e (traducción) 
910 |a Fondo Armando Suárez Gómez 
920 |a Impresos - Libros 
930 |a Fondos Especiales 
905 |a 111 
901 |a 0700007005  |b IT2  |c ESP  |u 20250521 
902 |a https://opac.biblio.iteso.mx/vufind/Record/000146443